Food industry wastes : assessment and recuperation of commodities

محفوظ في:
التفاصيل البيبلوغرافية
التنسيق: Sách
اللغة:Undetermined
منشور في: Elsevier/Academic Press 2013
الموضوعات:
الوسوم: إضافة وسم
لا توجد وسوم, كن أول من يضع وسما على هذه التسجيلة!
Thư viện lưu trữ: Trung tâm Thư viện - Trường Đại học Công nghiệp TP. Hồ Chí Minh
LEADER 00463nam a2200133Ia 4500
001 UIH_00266
008 230809s9999 xx 000 0 und d
082 |a 664 
245 0 |a Food industry wastes : assessment and recuperation of commodities 
260 |b Elsevier/Academic Press 
260 |c 2013 
650 |a Food industry and trade;Food industry and trade; 
927 |a Sách 
980 |a Trung tâm Thư viện - Trường Đại học Công nghiệp TP. Hồ Chí Minh